Adagio introverto /

Hlavní autor: Špinková, Vlasta, 1950-
Korporativní autor: Středisko západočeských spisovatelů
Jazyk: Čeština
Vydáno: Plzeň : Nava, 2012
Vydání: Vyd. 1.
Edice: Radbuza
Témata:
Fyzický popis: 71 s. : il. ; 21 cm
Knihy
Uloženo v:
LEADER 01153nam a2200361 a 4500
001 nkc20122372056
003 CZ PrNK
005 20200505090524.0
007 ta
008 120605s2012 xr a g 000 p cze
015 |a cnb002372056 
020 |a 978-80-7211-414-6  |q (brož.) 
035 |a (OCoLC)798996495 
040 |a OLA001  |b cze  |d ABA001 
072 7 |a 821.162.3-1  |x Česká poezie  |2 Konspekt  |9 25 
080 |a 821.162.3-1  |2 MRF 
080 |a (0:82-1)  |2 MRF 
100 1 |a Špinková, Vlasta,  |d 1950-  |7 pna2006370592  |4 aut 
245 1 0 |a Adagio introverto /  |c Vlasta Špinková 
250 |a Vyd. 1. 
260 |a Plzeň :  |b Nava,  |c 2012 
300 |a 71 s. :  |b il. ;  |c 21 cm 
490 1 |a Radbuza ;  |v sv. 7 
500 |a Pod názvem: Středisko západočeských spisovatelů 
655 7 |a česká poezie  |7 fd133958  |2 czenas 
655 9 |a Czech poetry  |2 eczenas 
710 2 |a Středisko západočeských spisovatelů  |7 kn20040406010 
830 0 |a Radbuza  |0 s 
910 2 |a BOA001  |b 2-1287.921 
990 |a BK 
995 |a 01 
991 |b 201206  |e b 
996 6 |b 2610514762  |c 2-1287.921  |l MZK  |r Sklad / do 1 hodiny  |n 2  |p p.v.  |w 001259574  |u 000010  |a 1  |e BOA001  |j MZK50  |s P